00571nam a22001937a 450000500170000001000130001702000220003003500130005203700160006504000120008108200160009324500960010926000390020527000380024430000210028265000290030365000290033270000160036120170124110146.0 aA-936180 c00.00a8175330678 aA-936180 bCen Lib/Ret aDPLbEN a630.68bMAN aManaging agriculture for a better tomorrow : cedited by D.C.Pandebthe Indian experience / bM D Publications aNew Delhic1998 a11, Darya GanjbNew Delhie110002 a468p. c22cm(Hb) aAgricultural innovations aAgricultural innovations aPande, D.C.